Name all Republican presidents - Statistics

General Stats
  • This quiz has been taken 25 times
  • The average score is 14 of 19
Answer Stats
Republican President % Correct
16th President Abraham Lincoln
91%
26th President Theodore Roosevelt
91%
34th President Dwight D. Eisenhower
86%
41st President George H. W. Bush
86%
43rd President George W. Bush
86%
38th President Gerald R. Ford
82%
31st President Herbert Hoover
77%
20th President James A. Garfield
77%
18th President Ulysses S. Grant
77%
30th President Calvin Coolidge
73%
29th President Warren G. Harding
73%
25th President William McKinley
73%
23rd President Benjamin Harrison
68%
19th President Rutherford B. Hayes
68%
27th President William Howard Taft
68%
21st President Chester A. Arthur
59%
45th President Donald J. Trump
45%
37th President Richard M. Nixon
41%
40th President Ronald W. Reagan
36%
No matching quizzes found
Score Distribution
Percent of People with Each Score
Percentile by Number Answered
Your Score History
You have not taken this quiz